Imagining the Middle East : (Record no. 17159)
[ view plain ]
| 000 -LEADER | |
|---|---|
| fixed length control field | 01811cam a22003134a 4500 |
| 001 - CONTROL NUMBER | |
| control field | 16656833 |
| 005 - DATE AND TIME OF LATEST TRANSACTION | |
| control field | 20171024122812.0 |
| 008 - FIXED-LENGTH DATA ELEMENTS--GENERAL INFORMATION | |
| fixed length control field | 110217s2011 ncu b s001 0 eng |
| 010 ## - LIBRARY OF CONGRESS CONTROL NUMBER | |
| LC control number | 2011006662 |
| 016 7# - NATIONAL BIBLIOGRAPHIC AGENCY CONTROL NUMBER | |
| Record control number | 015882019 |
| Source | Uk |
| 020 ## - INTERNATIONAL STANDARD BOOK NUMBER | |
| International Standard Book Number | 9789774165207 |
| 020 ## - INTERNATIONAL STANDARD BOOK NUMBER | |
| International Standard Book Number | 9780807834886 (cloth : alk. paper) |
| 020 ## - INTERNATIONAL STANDARD BOOK NUMBER | |
| International Standard Book Number | 0807834882 (cloth : alk. paper) |
| 082 00 - DEWEY DECIMAL CLASSIFICATION NUMBER | |
| Classification number | 327.7305609041 |
| Edition number | 22 |
| Item number | JAC |
| 100 1# - MAIN ENTRY--PERSONAL NAME | |
| Personal name | Jacobs, Matthew F. |
| 9 (RLIN) | 32070 |
| 245 10 - TITLE STATEMENT | |
| Title | Imagining the Middle East : |
| Remainder of title | the Building of an American Foreign Policy, 1918-1967 / |
| Statement of responsibility, etc | Matthew F. Jacobs. |
| 260 ## - PUBLICATION, DISTRIBUTION, ETC. (IMPRINT) | |
| Place of publication, distribution, etc | Chapel Hill : |
| Name of publisher, distributor, etc | University of North Carolina Press, |
| Date of publication, distribution, etc | c2011. |
| 300 ## - PHYSICAL DESCRIPTION | |
| Extent | xiii, 318 p. ; |
| Dimensions | 25 cm. |
| 504 ## - BIBLIOGRAPHY, ETC. NOTE | |
| Bibliography, etc | Includes bibliographical references (p. [249]-306) and index. |
| 505 0# - FORMATTED CONTENTS NOTE | |
| Formatted contents note | The task -- falls to the area specialists : national interests, knowledge production, and the emergence of an informal network -- The all-pervading influence of the Muslim faith : the perils and promise of political Islam -- A new amalgam of interests, religion, propaganda, and mobs : interpretations of secular mass politics -- What modernization requires of the Arabs -- is their de-Arabization : imagining a transformed Middle East -- A profound and growing disturbance -- which may last for decades : the Arab-Israeli-Palestinian conflict and the limits of the network. |
| 650 #0 - SUBJECT ADDED ENTRY--TOPICAL TERM | |
| Topical term or geographic name as entry element | Arab-Israeli conflict. |
| 9 (RLIN) | 32071 |
| 651 #0 - SUBJECT ADDED ENTRY--GEOGRAPHIC NAME | |
| Geographic name | Middle East |
| General subdivision | Foreign relations |
| Geographic subdivision | United States. |
| 9 (RLIN) | 32072 |
| 651 #0 - SUBJECT ADDED ENTRY--GEOGRAPHIC NAME | |
| Geographic name | United States |
| General subdivision | Foreign relations |
| Geographic subdivision | Middle East. |
| 9 (RLIN) | 32073 |
| 651 #0 - SUBJECT ADDED ENTRY--GEOGRAPHIC NAME | |
| Geographic name | Middle East |
| General subdivision | Foreign relations |
| Chronological subdivision | 20th century. |
| 9 (RLIN) | 32074 |
| 651 #0 - SUBJECT ADDED ENTRY--GEOGRAPHIC NAME | |
| Geographic name | United States |
| General subdivision | Foreign relations |
| Chronological subdivision | 20th century. |
| 9 (RLIN) | 32075 |
| 650 #0 - SUBJECT ADDED ENTRY--TOPICAL TERM | |
| 9 (RLIN) | 11983 |
| Topical term or geographic name as entry element | Islam and politics |
| Geographic subdivision | Middle East |
| 651 #0 - SUBJECT ADDED ENTRY--GEOGRAPHIC NAME | |
| 9 (RLIN) | 32076 |
| Geographic name | Middle East |
| General subdivision | Politics and government |
| Chronological subdivision | 20th century |
| 942 ## - ADDED ENTRY ELEMENTS (KOHA) | |
| Source of classification or shelving scheme | Dewey Decimal Classification |
| Item type | Book - Borrowing |
| Withdrawn status | Item status | Source of classification or shelving scheme | Damaged status | Not for loan | Vendor | Home library | Current library | Shelving location | Date acquired | Source of acquisition | Cost, normal purchase price | Serial Enumeration / chronology | Total Checkouts | Total Renewals | Full call number | Barcode | Date last seen | Date last borrowed | Koha item type |
|---|---|---|---|---|---|---|---|---|---|---|---|---|---|---|---|---|---|---|---|
| Dewey Decimal Classification | AUC | Central Library | Central Library | First floor | 29/01/2013 | 120.00 | 1 | 1 | 2 | 327.7305609041 JAC | 000027917 | 26/04/2026 | 10/09/2019 | Book - Borrowing |